02196cam a2200313 45000010005000000030008000050050017000130080041000300200015000710350018000860400032001040410011001360820018001472450108001652600057002733000049003303500009003795040101003885050862004896000067013516500022014186500028014407000067014687000045015359420012015809990015015929520139016079520136017463465BD-RjUL20211208233732.0131219r19701969enkacf b 010 0 eng d a0710066163 a(BD-RjUL)3499 aDLCcDLCdDLCdBD-RjULbeng0 aengfre00a330bROA 197000aRoads to freedom: essays in honour of Friedrich A. von Hayek /cedited by Erich Streissler [and others] aLondon,bRoutledge & K. Paul,c1969 [reprinted 1970] axix, 315 p.;bplate, illus., port. :c25 cm. a80/- a"Bibliography of the writings of Friedrich A. von Hayek": p. 309-315. Bibliographical footnotes.0 aIntroduction, by E. Steissler.--Laudatio: un message pour le siècle, by J. Rueff.--Development economics: the spurious consenus and its background, by P. T. Bauer.--Is economics the science of choice? by J. M. Buchanan.--Wage-push inflation once more, by G. Haberler.--Will market economies and planned economies converge? by G. N. Halm.--Methodological individualism and the market economy, by L. M. Lachmann.--On neutral money, by F. A. Lutz.--Liberalism and the choice of freedoms, by F. Machlup.--The control of demand, by F. W. Paish.--The determinants of social action, by M. Polanyi.--A pluralist approach to the philosophy of history, by K. R. Popper.--A behavioral approach to monetary theory, by G. Schmölders.--Hayek on growth: a reconsideration of his early theoretical work, by E. Streissler.--The new theory of corporations, by G. Tullock.10aHayek, Friedrich A. vonq(Friedrich August),d1899-1992.93508 0aEconomics.910898 0aEconomic policy.9108991 aHayek, Friedrich A. vonq(Friedrich August),d1899-1992.935081 aStreissler, Erich W.,d1933-eed.910900 2ddccBK c3465d3465 00102ddc40718NFICaRUCLbRUCLcReadingd1975-12-26eGonathan com.g4.00l0o330 ROA 1970r2013-12-19 00:00:00tC-1w2021-12-08yBK 00102ddc40708NFICaRUCLbRUCLcStackd1975-12-26egonacha aremg4.00l0o330 ROA 1970r2016-06-22 00:00:00tC-2w2016-06-22yBK